ABBA - I have a dream - lyrics quiz - Statistics

General Stats
  • This quiz has been taken 1,267 times
  • The average score is 24 of 29
Answer Stats
Hint Answer % Correct
I have a ___ dream
100%
I have a ___ dream
100%
I have a ___ dream
100%
I have a ___ dream
100%
A song to ___ sing
99%
I believe in ___ angels
93%
I believe in ___ angels
93%
I believe in ___ angels
93%
I believe in ___ angels
93%
In everything I ___ see
91%
In everything I ___ see
91%
When I know the ___ is right for me time
89%
When I know the ___ is right for me time
89%
If you see the ___ wonder
88%
You can take the ___ future
87%
Something ___ good
86%
Something ___ good
86%
Even if you ___ fail
85%
Of a ___ fairytale
85%
With ___ anything
79%
To help me ___ cope
76%
I'll cross the ___ stream
73%
I'll cross the ___ stream
73%
Makes it worth the ___ while
68%
Pushing through the ___ darkness
64%
And my ___ destination
62%
To help me through ___ reality
60%
A ___ fantasy
55%
Still another ___ mile
52%
No matching quizzes found
Score Distribution
Percent of People with Each Score
Percentile by Number Answered
Your Score History
You have not taken this quiz